América hispana (Record no. 65030)

MARC details
000 -LEADER
campo de control de longitud fija 00619nam a2200193 i 4500
001 - NÚMERO DE CONTROL
campo de control 65030
003 - IDENTIFICADOR DE NÚMERO DE CONTROL
campo de control ES-MaACL
005 - FECHA Y HORA DE LA ÚLTIMA TRANSACCIÓN
campo de control 20250728051241.0
007 - CAMPO FIJO DE DESCRIPCIÓN FÍSICA--INFORMACIÓN GENERAL
campo de control de longitud fija t|
008 - DATOS DE LONGITUD FIJA--INFORMACIÓN GENERAL
campo de control de longitud fija 040108s1932 sp |||| | spa d
100 1# - ENTRADA PRINCIPAL--NOMBRE DE PERSONA
Nombre de persona Frank, Waldo.
9 (RLIN) 52316
245 10 - MENCIÓN DEL TÍTULO
Título América hispana
Resto del título : un retrato y una perspectiva /
Mención de responsabilidad, etc. por Waldo Frank ; traducido del inglés por León Felipe.
260 ## - PUBLICACIÓN, DISTRIBUCIÓN, ETC.
Lugar de publicación, distribución, etc. Madrid :
Nombre del editor, distribuidor, etc. Espasa-Calpe,
Fecha de publicación, distribución, etc. 1932.
300 ## - DESCRIPCIÓN FÍSICA
Extensión XVI, 286 p. ;
Dimensiones 23 cm.
651 #4 - PUNTO DE ACCESO ADICIONAL DE MATERIA--NOMBRE GEOGRÁFICO
Nombre geográfico América Latina-
Subdivisión general Descripción
9 (RLIN) 7745
700 1# - ENTRADA AGREGADA--NOMBRE PERSONAL
Nombre de persona León Felipe,
Fechas asociadas al nombre 1884-1968
9 (RLIN) 71613
852 ## - LOCALIZACIÓN
Ubicación ES-MaACL
Número de control de estantería A-1045
Holdings
Estatus retirado Estado de pérdida Estado de daño No para préstamo Biblioteca de origen Biblioteca actual Ubicación en estantería Fecha de adquisición Fuente de adquisición Total de préstamos Signatura topográfica completa Código de barras Visto por última vez Precio de reemplazo Tipo de ítem Koha
        Biblioteca del Ateneo de Madrid Biblioteca del Ateneo de Madrid Sala Pecera Planta 1 17/01/2008     A-1045 1068135 23/02/2023 23/02/2023 Libro impreso